banner-ar

العملات المصرية الورقية : (Record no. 65649)

MARC details
000 -الفاتح
حقل البيانات ثابتة الطول 00870nam a22002057a 4500
005 - وقت وتاريخ اخر تعامل مع التسجيلة
رقم الضبط 20240530110836.0
008 - عناصر البيانات ثابتة الطول - معلومات عامة
حقل البيانات ثابتة الطول 191103s2003 ua a f b 000 0 ara d
017 ## - رقم الايداع القانونى
رقم الايداع القانونى 2003/14245
المصدر ( الهيئة المختصة) مصر. دار الكتب
040 ## - مصدر الفهرسة
وكالة الفهرسة الأصلية EG-CaGPL
وكالة النسخ EG-CaGPL
082 ## - رقم تصنيف ديوى العشرى
رقم الطبعة 21
رقم التصنيف 332.4044
رقم المادة ق/س ع
100 0# - المدخل الرئيسى - إسم شخصى
الإسم الشخصى سيد دسوقى الشريف
245 12 - بيان العنوان
العنوان العملات المصرية الورقية :
بيان المسئوليه,etc سيد دسوقى الشريف ؛ ترجمة طارق فريد منصور
260 ## - PUBLICATION, DISTRIBUTION, ETC. (IMPRINT)
تاريخ النشر أو التوزيع 2003
300 ## - الوصف المادى
التعداد 234 ص. :
تفاصيل ماديه اخرى للوعاء ايض. ؛
أبعاد الوعاء 27 سم.
504 ## - تبصرة ببليوجرافية
تبصرة ببليوجرافية,الخ يشتمل على ارجاعات ببليوجرافية
650 07 - المدخل الاضافى بالموضوع-مصطلح موضوعى
مصدر الرأس أو المصطلح qrmak
مصطلح موضوعي النقود الورقية
التقسيم الفرعي الجغرافي مصر
700 0# - المدخل الاضافى - اسم شخصى
الإسم الشخصى طارق فريد منصور
الدور مترجم
942 ## - عناصر المدخل الإضافي( كوها)
مصدر التصنيف او مخطط الترفيف Dewey Decimal Classification
Koha [default] item type كتاب
260 ## - PUBLICATION, DISTRIBUTION, ETC. (IMPRINT)
-- القاهرة :
-- الفارس للدعاية والاعلان والطباعة،
Holdings
حالة التراجع حالة الفقد حالة تلف ليس للاعارة المكان المؤقت الموقع الحالى موقع الترفيف تاريخ الاكتساب اجمالي اﻻعارات رقم الطلب الباركود تاريخ اخر مشاهدة تاريخ تفعيل السعر نوع وعاء كوها
        مكتبة القاهرة الكبرى مكتبة القاهرة الكبرى   11/03/2019   332.4044 ق/س ع 166715 10/05/2022 11/03/2019 كتاب

Powered By

EGPV